000 01137nam a22001937a 4500
005 20241007144947.0
008 230710b ||||| |||| 00| 0 eng d
040 _cSSBUL
_dSSBUL
082 _223
_a၂၉၄.၃၃၆၈ မင်း
_b၁၅၁၄၂ (S-KM)
100 0 _aမင်းသျှင်အောင်၊
_g(တွံတေး)။
_927699
245 1 0 _aမဟာဗုဒ္ဓဝင်ကွက်စိပ်ဇာတ်ထုပ်များနှင့် ဒဂုဏ်ဆရာညွှန့် /
_cမင်းသျှင်အောင်(တွံတေး)။
260 _aရန်ကုန်၊
_bစာပေဗိမာန်၊
_c၂၀၀၅။
300 _a၂၅၉ စာမျက်နှာ၊
_c၂၄ စင်တီ။
500 _a S-KM: Ashin Khemacara (Hsipaw) S-SAT: Dr. Sai Aung Tun
504 _6ကျမ်းကိုးစာရင်းပါဝင်သည်။
650 _aဗုဒ္ဓဝင်။
_xကွက်စိပ်ဇာတ်ထုတ်များ
_97377
650 _aမြန်မာ့ကွက်စိပ်ပညာ
_954923
942 _2ddc
_cBK1
_e23
999 _c26993
_d26993